Quiz sur l'Auvergne-Rhône-Alpes - Statistiques

Statistiques générales
  • Ce quiz a été pris 200 fois
  • Le résultat moyen est 12 sur 15
Statistiques - réponses
Questions Réponses % Correct
Quel est la capitale de l'Auvergne-Rhône-Alpes ? Lyon
100%
Cite un pays frontalier de la région Suisse | Italie
99%
Cite une région française frontalière de la région Bourgogne-Franche-Comté | Centre-Val-de-Loire | Nouvelle-Aquitaine | Occitanie | Provence-Alpes-Cote d'Azur
95%
Quel sont les deux principaux massifs montagneux de la région ? le Massif Central | les Alpes
95%
Quel est le point culminant de l'Europe qui est situé tout à l'est de la région ? le Mont-Blanc
95%
Quel célèbre fabriquant de pneu a son siège social à Clermont-Ferrand ? Michelin
95%
Cite une des villes qui a déjà accueillit les Jeux Olympique d'hiver. Albertville (1924) | Chamonix (1968) | Grenoble (1992)
94%
Combien y-a t'il de département ? 12
92%
Quel est la 2e ville la plus peuplé ? Saint-Étienne
88%
Cite une région historique de l'Auvergne-Rhône-Alpes Auvergne | Savoie | Lyonnais | Dauphiné
85%
Quel plat à base de pomme de terre, oignon, lardon et fromage a été inventé en Haute-Savoie ? la tartiflette
85%
Quel est la population (au millions près) ? 8,2 millions
81%
Quel département correspond à l'ancien Bourbonnais, province qui a donné au nom à la dynastie des Bourbons ? l'Allier
54%
Lieu qui a vu les troupes de Vercingétorix vaincre les légions romaines de Jules César en -52. le plateau de Gergovie
51%
Quel grand écrivain de la 1er moitié du XXe siècle est né à Lyon ? Antoine de Saint-Exupéry
21%
Aucun quiz correspondant
Distribution des résultats
% des personnes avec chaque résultat
Percentile par nombre de réponses
Votre historique - résultats
Vous n’avez pas pris ce quiz